| 000 | 00826nam a2200301Ia 4500 | ||
|---|---|---|---|
| 008 | 160803s9999 xx 000 0 und d | ||
| 020 | _a978-0545289108 | ||
| 100 | _aJohnston, Teresa | ||
| 245 | _aMy tooth is loose, Dr. Moose! / | ||
| 245 | _cwritten by Teresa Johnston ; illustrations by Brian Sendelbach. | ||
| 260 | _aNew York : | ||
| 260 | _bScholastic Inc. | ||
| 260 | _c2012 | ||
| 300 | _a1 volume (unpaged) : | ||
| 300 | _bcolor illustrations ; | ||
| 300 | _c21 cm | ||
| 650 | _aAnimals -- | ||
| 650 | _aDental care -- | ||
| 650 | _aDentists -- | ||
| 650 | _aDentists -- | ||
| 650 | _aTeeth -- Care and hygiene -- | ||
| 650 | _xFiction. | ||
| 650 | _xJuvenile fiction. | ||
| 650 | _xJuvenile fiction. | ||
| 650 | _xJuvenile fiction. | ||
| 650 | _xJuvenile fiction. | ||
| 700 | _a530 | ||
| 999 |
_c298356 _d298356 |
||